00972nam a22002297a 450000100040000000500170000402000250002102000220004604000230006805000220009110000330011324500780014626000370022430000400026150500080030152002450030952100280055465000320058265000370061465000470065165000440069865520230926102140.0 a9781400312269 (pbk.) a1400312264 (pbk.) aDLCcDLCdDLCbeng00aBV1585b.P57 1999 aMetaxas, Eric ; Kenney Cindy04aThe pirates who don't do anything /bBig idea's Jonah a veggietales movie aUnited States:bBig Idea,c2002. a23 pages :billustrations ;c29 cm. aH  aPa Grape, one of the Pirates Who Don't Do Anything, tells of the Pirates' one adventure, when they sailed with a man named Jonah, were caught in a storm, made Jonah walk the plank, then tried to rescue him from the whale that swallowed him. a480 bLexile estimate  0aChristian vacation schools. 0aChristian education of children. 0aChristian educationxCurriculavTextbooks. 0aChristian educationxActivity programs.